Využitie pojmových a myšlienkových máp vo výučbe odborného jazyka na vysokej škole nefilologického zamerania

Techniky mapovania a ich využitie vo výučbe cudzích jazykov. Pojmové mapy (Concept maps). Myšlienkové (mentálne) mapy (Mind maps). Využitie techník mapovania vo výučbe cudzích jazykov. Odborný jazyk a jeho špecifiká na vysokej škole nefilologického zamerania. Príklad využitia myšlienkovej mapy v rám...

Ausführliche Beschreibung

Gespeichert in:
Bibliographische Detailangaben
1. Verfasser: Kucharová, Jana, 1981-
Format: Buchkapitel
Sprache:Slowakisch
Schlagworte:
Tags: Tag hinzufügen
Keine Tags, Fügen Sie das erste Tag hinzu!

MARC

LEADER 00000nla a2200000 4500
001 0195656
005 20240502083456.2
041 0 |a slo 
044 |a CZ 
245 1 0 |a Využitie pojmových a myšlienkových máp vo výučbe odborného jazyka na vysokej škole nefilologického zamerania  |c Jana Kucharová 
520 |a Techniky mapovania a ich využitie vo výučbe cudzích jazykov. Pojmové mapy (Concept maps). Myšlienkové (mentálne) mapy (Mind maps). Využitie techník mapovania vo výučbe cudzích jazykov. Odborný jazyk a jeho špecifiká na vysokej škole nefilologického zamerania. Príklad využitia myšlienkovej mapy v rámci výučby odborného nemeckého jazyka. 
610 2 0 |a vzdelávanie 
610 2 0 |a vzdelávanie vysokoškolské 
610 2 0 |a jazyky cudzie 
610 2 0 |a nemčina 
100 1 |a Kucharová, Jana, 1981-